| 000 | 00458nam a2200181Ia 4500 | ||
|---|---|---|---|
| 001 | 1551 | ||
| 005 | 20260306143736.0 | ||
| 008 | 260306t2012||||xx |||||||||||||| ||spa|| | ||
| 041 | _aESP | ||
| 082 |
_a150.9 _bK59 |
||
| 100 |
_aKlappenbach, Hugo (ed.) _eAUT |
||
| 245 | 0 | _aHistoria de la psicología iberoamericana en autobiografías | |
| 260 | _c2012 | ||
| 300 |
_a311 páginas : _c24 cm. |
||
| 650 | _aGEN | ||
| 654 | _aCPS | ||
| 942 |
_cLIB _dJUS _fJUS _2ddc _n |
||
| 999 |
_c1551 _d1551 |
||